| 000 | 00607cab a2200181 4500 | ||
|---|---|---|---|
| 001 | WB2546-10 | ||
| 008 | 090401t1989 xxu||||| |||| 00| 0 eng d | ||
| 035 | _a(Sirsi) u4145 | ||
| 041 | _aeng | ||
| 245 | _aChurch to consult English Heritage | ||
| 260 | _c1989 | ||
| 350 | _a0 | ||
| 490 |
_aDaily Telegraph _v18/11/89 p2 |
||
| 520 | _aAs conservationists call for the Church to cease being exempt from listed building controls, the Catholic Church has agreed to consult English Heritage for work on historic churches . | ||
| 690 | _aCONSERVATION AND THE ENVIRONMENT | ||
| 942 | _n0 | ||
| 948 | _c04/03/1997 | ||
| 999 |
_c2480 _d2480 |
||